| 000 | 00690nam a2200241 a 4500 | ||
|---|---|---|---|
| 001 | 68206 | ||
| 003 | BD-RjUL | ||
| 005 | 20211209081737.0 | ||
| 008 | 170330m19701963enka b 001 0 eng d | ||
| 020 | _a0090236637 : | ||
| 035 | _a(BD-RjUL)68416 | ||
| 040 |
_aDLC _cDLC _dBD-RjUL _beng |
||
| 041 | _aeng | ||
| 082 | 0 | 0 |
_a595.7 _223 _bOLC 1970 |
| 100 | 1 |
_aOldroyd, Harold _9202191 |
|
| 245 | 1 | 0 |
_aCollecting, preserving and studying insects / _cHarold Oldroyd |
| 250 | _a2nd (revised) ed. | ||
| 260 |
_aLondon : _bHutchinson, _c1970 [Impression 1963]. |
||
| 300 |
_a336 p. : _bill. ; _c24 cm. |
||
| 504 | _aInclude Bibliography and Index. | ||
| 650 |
_aInsecta _9203229 |
||
| 942 |
_2ddc _cBK |
||
| 999 |
_c68206 _d68206 |
||